|
|
|
|
| LEADER |
00000nam0a2200000 4500 |
| 001 |
67620 |
| 005 |
20231101212332.0 |
| 035 |
|
|
|a (RuTPU)RU\TPU\book\72000
|
| 090 |
|
|
|a 67620
|
| 100 |
|
|
|a 20040917d1991 m y0rusy50 ca
|
| 101 |
0 |
|
|a rus
|
| 102 |
|
|
|a RU
|
| 105 |
|
|
|a a j 001zy
|
| 200 |
1 |
|
|a Задачник по спектрохимической идентификации органических соединений
|f Л. А. Казицына, В. А. Калявин
|
| 210 |
|
|
|a Москва
|c Изд-во МГУ
|d 1991
|
| 215 |
|
|
|a 136 с.
|c ил.
|
| 320 |
|
|
|a Библиогр.: с. 13.
|
| 606 |
1 |
|
|a Органические соединения
|x Спектроскопические исследования
|2 stltpush
|3 (RuTPU)RU\TPU\subj\75557
|9 87273
|
| 610 |
1 |
|
|a спирты
|
| 610 |
1 |
|
|a фенолы
|
| 610 |
1 |
|
|a альдегиды
|
| 610 |
1 |
|
|a спектрохимия
|
| 610 |
1 |
|
|a идентификация
|
| 610 |
1 |
|
|a задачи
|
| 675 |
|
|
|a 547:543.4(076)
|v 3
|
| 700 |
|
1 |
|a Казицына
|b Л. А.
|g Лидия Александровна
|
| 701 |
|
1 |
|a Калявин
|b В. А.
|g Владимир Александрович
|
| 712 |
0 |
2 |
|a Московский государственный университет им. М. В. Ломоносова
|2 stltpush
|3 (RuTPU)RU\TPU\col\7
|
| 801 |
|
1 |
|a RU
|b 63413507
|c 20040917
|g PSBO
|
| 801 |
|
2 |
|a RU
|b 63413507
|c 20180518
|g RCR
|
| 900 |
|
|
|a Физико-химические методы анализа
|
| 942 |
|
|
|c BK
|